|
|
|
|
| LEADER |
00000nam0a2200000 4500 |
| 001 |
193095 |
| 005 |
20231031181718.0 |
| 010 |
|
|
|a 5230194620
|
| 020 |
|
|
|a RU
|b 91-9353ж
|
| 035 |
|
|
|a (RuTPU)RU\TPU\book\210552
|
| 090 |
|
|
|a 193095
|
| 100 |
|
|
|a 20110315d1990 k y0rusy5003 ca
|
| 101 |
0 |
|
|a rus
|
| 102 |
|
|
|a RU
|
| 105 |
|
|
|a a z 001zy
|
| 200 |
1 |
|
|a Локальный прогноз и критерии оценки эндогенных месторождений
|e сборник
|f Ленинградский горный институт им. Г. В. Плеханова (ЛГИ) ; под ред. Ю. Б. Марина
|
| 210 |
|
|
|a Ленинград
|c Изд-во ЛГИ
|d 1990
|
| 215 |
|
|
|a 145 с.
|c ил.
|d 27 см
|
| 225 |
1 |
|
|a Записки Ленинградского горного института
|v Т. 121
|
| 320 |
|
|
|a Библиогр. в конце ст.
|
| 610 |
1 |
|
|a полезные ископаевмые
|
| 610 |
1 |
|
|a прогноз
|
| 610 |
1 |
|
|a эндогенные процессы
|
| 610 |
1 |
|
|a месторождения
|
| 610 |
1 |
|
|a оценка
|
| 610 |
1 |
|
|a геология
|
| 610 |
1 |
|
|a эндогенные месторождения
|
| 675 |
|
|
|a 553.062
|z rus
|
| 702 |
|
1 |
|a Марин
|b Ю. Б.
|g Юрий Борисович
|4 340
|
| 712 |
0 |
2 |
|a Ленинградский горный институт им. Г. В. Плеханова (ЛГИ)
|c (1924-1991)
|2 stltpush
|3 (RuTPU)RU\TPU\col\1021
|
| 801 |
|
0 |
|a RU
|b RuMRKP
|c 19950417
|g psbo
|
| 801 |
|
1 |
|a RU
|b 63413507
|c 20110315
|
| 801 |
|
2 |
|a RU
|b 63413507
|c 20120428
|g RCR
|
| 942 |
|
|
|c BK
|